000
00274nam a2200109Ia 4500
008
220204s9999 xx 000 0 und d
082
_a
577.15
_b
WEB.13
100
_a
WEBER, G
245
0
_a
Advances in enzyme regulation. V 13
260
_a
Oxford
_b
Pergamon
_c
1975
942
_c
BK
999
_c
24614
_d
24614